El anti Edipo: capitalismo y esquizofrenia

Uloženo v:
Podrobná bibliografie
Hlavní autoři: Deleuze, Gilles (Autor), Guattari, Félix (Autor)
Médium: Kniha
Jazyk:španělština
Vydáno: Madrid Paidos 1995
Edice:Colección Paidos Básica, 23
Témata:
Tagy: Přidat tag
Žádné tagy, Buďte první, kdo vytvoří štítek k tomuto záznamu!

MARC

LEADER 00000nam a2200000 a 4500
001 UCT7254
003 CL-VaPUC
008 970117e19950000SP |||||||||||||||||spa|d
020 |a 8475093299 
082 0 4 |a 616.891  |b DEL  |2 21 
100 0 |a Deleuze, Gilles  |e author  |9 378178 
700 |a Guattari, Félix  |e author  |9 493160 
245 1 3 |a El anti Edipo: capitalismo y esquizofrenia 
300 |a 428 p 
942 |c BK 
945 |d 19970117 00:00:00  |a rbrito 
260 |a Madrid  |b Paidos  |c 1995 
600 0 7 |a COMPLEJO DE EDIPO  |2 CL-VaPUC  |9 378180 
650 0 |a Esquizofrenia  |9 312163 
650 0 |a Psiquiatría  |9 308427 
650 0 |a Psicoanálisis   |9 265702 
650 0 |a Neurosis  |9 312889 
650 0 |a Capitalismo  |9 255255 
583 |a last modification  |c 19970117 00:00:00  |k Rodrigo Vera 
490 0 |a Colección Paidos Básica, 23 
999 |c 255906  |d 255904 
952 |0 0  |1 0  |4 0  |6 616_891000000000000_DEL_1995  |7 0  |8 A  |9 278386  |a BIBEDU  |b BIBEDU  |d 2019-11-19  |i 3282996  |o 616.891 DEL 1995  |p 3282996  |r 2019-11-19  |w 2019-11-19  |y BK  |k FIL 
952 |0 0  |1 1  |4 0  |6 616_891000000000000_DEL_1995  |7 0  |8 A  |9 278387  |a BIBARQ  |b BIBARQ  |d 2019-11-19  |i 4140524  |o 616.891 DEL 1995  |p 4140524  |r 2019-11-19  |w 2019-11-19  |x Retirado en Inventario 2023  |y BK  |k ARQ